LEADER 01107nlm0 22003371i 450 001 990009791810403321 005 20131118160925.0 010 $a9780470455401$bonline 035 $a000979181 035 $aFED01000979181 035 $a(Aleph)000979181FED01 035 $a000979181 100 $a20131118d2009----km-y0itay0103----ba 101 0 $aeng 135 $adrnn-008mamaa 200 1 $aPractical system reliability$bRisorsa elettronica$fEric Bauer, Xuemei Zhang, Douglas A. Kimber 210 $aPiscataway, N. J.$cIEEE Press$aHoboken, N. J.$cWiley$d2009 230 $aDocumento elettronico 336 $aTesto 337 $aFormato pdf 610 0 $aTelecomunicazioni$aSistemi$aAffidabilitą 676 $a004.24 700 1$aBauer,$bEric$0479708 701 1$aZhang,$bXuemei$0521413 701 1$aKimber,$bDouglas A.$0521414 801 0$aIT$bUNINA$gREICAT$2UNIMARC 856 4 $zFull text per gli utenti Federico II$uhttp://onlinelibrary.wiley.com/book/10.1002/9780470455401 901 $aEB 912 $a990009791810403321 996 $aPractical system reliability$9836820 997 $aUNINA LEADER 01743oam 2200469M 450 001 9910716225003321 005 20200213070525.3 035 $a(CKB)5470000002519878 035 $a(OCoLC)1065821154 035 $a(OCoLC)995470000002519878 035 $a(EXLCZ)995470000002519878 100 $a20071213d1926 ua 0 101 0 $aeng 135 $aurcn||||||||| 181 $ctxt$2rdacontent 182 $cc$2rdamedia 183 $acr$2rdacarrier 200 10$aTo pay claim of estate of B.L. Fairbanks, deceased, against the Chippewa Indians of Minnesota. February 11, 1926. -- Ordered to be printed 210 1$a[Washington, D.C.] :$c[U.S. Government Printing Office],$d1926. 215 $a1 online resource (3 pages) 225 1 $aHouse report / 69th Congress, 1st session. House ;$vno. 278 225 1 $a[United States congressional serial set ] ;$v[serial no. 8535] 300 $aBatch processed record: Metadata reviewed, not verified. Some fields updated by batch processes. 300 $aFDLP item number not assigned. 606 $aContracts 606 $aIndians of North America$xClaims 606 $aTribal trust funds 606 $aIndians 608 $aLegislative materials.$2lcgft 615 0$aContracts. 615 0$aIndians of North America$xClaims. 615 0$aTribal trust funds. 615 0$aIndians. 701 $aWilliamson$b William$f1875-1972$pRepublican (SD)$01386808 801 0$bWYU 801 1$bWYU 801 2$bOCLCO 801 2$bOCLCQ 906 $aBOOK 912 $a9910716225003321 996 $aTo pay claim of estate of B.L. Fairbanks, deceased, against the Chippewa Indians of Minnesota. February 11, 1926. -- Ordered to be printed$93436048 997 $aUNINA